00403 2200169 4500245003800000020001800038250001100056100001900067700001900086650002000105005001900125260003100144041001400175084000800189300002700197336000900224 aOn Air LovecYeyen DewiannahText a979-1133-16-6 aCet. 1 aYeyen Dewianna aDwi A. Santoso aNovel Indonesia a20230126081740 aJakartabPuspa Swarac2006 aIndonesia a813 aiv, 156 hlm. :c19 cm. atext